• 首页
  • 本馆介绍
  • 公告通知
  • 最新文献
  • 馆藏检索
  • 电子资源
  • 读者导购
  • 参考咨询
  • 我的图书馆
  • 登录
  • 详细信息显示
  • 放入我的书架
  • 预约/预借图书
  • 作者相关作品
  • 分类相关作品
  • 丛书相关作品
  • 出版社相关作品

书目信息

  • 表格格式
  • 工作单格式
  • 卡片格式
题名:
曹禺悲剧美学思想研究
    
 
作者: 向宝云 著
分册:  
出版信息: 成都   电子科技大学出版社  2004
页数: 274页
开本: 20cm
丛书名:
单 册:
中图分类: I207.34
科图分类:
主题词: 悲剧 , 美学思想
电子资源:
ISBN: 7-81094-703-6
000 01046nam0 2200301 45
001 012006200092
005 20070111143825.46
010    @a7-81094-703-6@dCNY17.50
092    @aCN@b490939
100    @a20060412e20052004em y0chiy0120 ea
101 0  @achi
102    @aCN@b510000
105    @ay z 000zy
106    @ar
200 1  @a曹禺悲剧美学思想研究@9cao yu bei ju mei xue si xiang yan jiu@f向宝云著
210    @a成都@c电子科技大学出版社@d2004@h2005重印
215    @a274页@d20cm
314    @a向宝云,毕业于四川师范大学和北京大学中文系,获文学硕士、文学博士学位,现任职四川社会科学院,著有《墨子与社会问题透视》等
320    @a有书目(第242~273页)
330    @a本书主要内容:自由的意志与理性的必然、诗意的摹仿与逼真的摹仿、理性的迷思与情感的苦恼、精神的气候与文化环境等。
600  0 @a曹禺(1910~1996)@x悲剧@x美学思想@x研究
600  0 @a曹禺(1910~1996)
606 0  @a悲剧
606 0  @a美学思想
690    @aI207.34@v4
701  0 @a向宝云@9xiang bao yun@4著
801  0 @aCN@bLZJBOOK@c20070111
905    @a10447@dI207.34@e104
    
    曹禺悲剧美学思想研究/向宝云著.-成都:电子科技大学出版社,2004(2005重印)
    274页;20cm
    
    
    ISBN 7-81094-703-6:CNY17.50
    本书主要内容:自由的意志与理性的必然、诗意的摹仿与逼真的摹仿、理性的迷思与情感的苦恼、精神的气候与文化环境等。
●
相关链接 在E读中查询图书 在五车中查询图书 在当当中查询图书 在豆瓣中查询图书


正题名:曹禺悲剧美学思想研究     索取号:I207.34/104         预约/预借

序号 登录号 条形码 馆藏地/架位号 状态 备注
1 0563161   205631618   第一样本阅览室/ [索取号:I207.34/104] 在馆    
2 0563162   205631627   第二借阅区/ [索取号:I207.34/104] 在馆    
3 0563163   205631636   第二借阅区/ [索取号:I207.34/104] 在馆    
4 0563164   205631645   第二借阅区/ [索取号:I207.34/104] 在馆    
5 0563165   205631654   第二借阅区/ [索取号:I207.34/104] 在馆    
6 0563166   205631663   第二借阅区/ [索取号:I207.34/104] 在馆    
7 0563167   205631672   第二借阅区/ [索取号:I207.34/104] 在馆    
8 0563168   205631681   第二借阅区/ [索取号:I207.34/104] 在馆    
唐山师范学院图书馆 欢迎您!
大连网信软件有限公司© 版权所有